00471nam a2200169Ia 4500999001700000003000400017005001700021008004100038040001800079082001800097100002500115245005900140260004100199300000900240650001000249942004200259 c16112d16112OSt20200606115850.0190216s9999||||xx |||||||||||||| ||und|| cMESKC library a891.43bVAR/A aVarma, Niranjan9288 0aArya Samskruthi Visthar Aur Samgarsh /cNiranjan Varma bVidha Mandir Ltd,c1997.aNew Delhi: a209p aHindi cBK2ddch891.43iVAR/Ak891.43mVAR/A